Online Public Access Catalogue

Atlas of human anatomy (Record no. 12749)

MARC details
000 -LEADER
fixed length control field 00377nam a22001457a 4500
020 ## - INTERNATIONAL STANDARD BOOK NUMBER
International Standard Book Number 9781455704187
082 ## - DEWEY DECIMAL CLASSIFICATION NUMBER
Classification number 611.00222
Author Mark FRA
100 ## - MAIN ENTRY--PERSONAL NAME
Author Name Frank H. Netter, MD
245 ## - TITLE STATEMENT
Title Atlas of human anatomy
250 ## - EDITION STATEMENT
Edition statement 6th
260 ## - PUBLICATION, DISTRIBUTION, ETC.
Place of publication, distribution, etc. USA
Name of publisher, distributor, etc. Saunders Elsevier
Date of publication, distribution, etc. 2014
300 ## - PHYSICAL DESCRIPTION
No of Pages 531 p
illustrations Images
Dimensions 27cm
650 ## - SUBJECT ADDED ENTRY--TOPICAL TERM
Subject Book bank
Keywords Topograpic
-- Lungs
-- Cross
-- Spinal
942 ## - ADDED ENTRY ELEMENTS (KOHA)
Source of classification or shelving scheme
Koha item type Books
952 ## - LOCATION AND ITEM INFORMATION (KOHA)
-- 2023-02-10
Holdings
Item status Home library Current library Shelving location Date acquired Source of acquisition Total Checkouts Full call number Barcode Date last seen Koha item type
  Islamabad Medical and Dental College Islamabad Medical and Dental College Islamabad Medical and Dental College 10/02/2023 Donated   611.00222 FRA G-506 10/02/2023 Books

Copyright @ IMDC Library
Islamabad Medical and Dental College
Bhara Kahu, Islamabad

  Contact the Librarian, IMDC
  Email:: library@imdcollege.edu.pk

  OPAC Customized by
  Mazhar Hussain,
  Librarian:
  Islamabad Medical and Dental College
  Email:: library@imdcollege.edu.pk